| 000 | 00384nam a2200157Ia 4500 | ||
|---|---|---|---|
| 003 | Ost | ||
| 005 | 20260225132546.0 | ||
| 008 | 260225s9999||||xx |||||||||||||| ||und|| | ||
| 040 | _cfsic | ||
| 041 | _afre | ||
| 082 | _a440 | ||
| 100 |
_aEmmanuelle Parent _eAuteur |
||
| 245 | 0 | _ale droit d'auteur sur les créations publicitaires / | |
| 245 | 0 | _cEmmanuelle Parent | |
| 942 | _cكتاب | ||
| 999 |
_c33861 _d33861 |
||